00449nam a2200169Ia 450000500170000000800410001702000220005804100120008008200160009210000170010824500470012525000080017226000320018050000080021265000420022070000170026220240823024438.0240823s9999||||xx |||||||||||||| ||und|| a978-81-8281-163-8 aENGLISH A658.8342 P9 aDatta Debraj 0aConsumer Behaviour & Advertising Managment a1st c2009bVrinda PublicaaDelhi aYES aConsumer BehaviorbManagement Studies a Datta Mahua